Visualizzazione normale
Vista MARC
- Benasayag Miguel, Ranchetti Giovanna, Inverno Antonella
di Personal Name
Records bibliografici associati: 1
001 - CONTROL NUMBER
- control field: 57748
003 - CONTROL NUMBER IDENTIFIER
- control field:
005 - DATE AND TIME OF LATEST TRANSACTION
- control field: 20190403164136.0
008 - FIXED-LENGTH DATA ELEMENTS
- fixed length control field: 190403|| aca||aabn | a|a d
040 ## - CATALOGING SOURCE
- Original cataloging agency:
- Transcribing agency:
100 ## - HEADING--PERSONAL NAME
- Personal name: Benasayag Miguel, Ranchetti Giovanna, Inverno Antonella
670 ## - SOURCE DATA FOUND
- Source citation: Work cat.: (): Benasayag Miguel, Ranchetti Giovanna, Inverno Antonella, Processi di radicalizzazione tra i giovani, 2016